[Event "EU-ch Blitz (Women)"]
[Site "Monaco"]
[Date "2024.01.12"]
[Round "10"]
[White "Salimova, Nurgyul"]
[Black "Kosteniuk, Alexandra"]
[Result "0-1"]
[WhiteElo "2426"]
[BlackElo "2501"]
[PlyCount "94"]
[EventDate "2024.01.12"]
[EventType "swiss (blitz)"]
[EventRounds "13"]
[EventCountry "MNC"]
[SourceTitle "CB03_2024"]
[SourceDate "2024.01.17"]
[SourceVersion "1"]
[SourceVersionDate "2024.01.17"]
[SourceQuality "1"]

1. d4 Nf6 2. Nf3 e6 3. c4 Bb4+ 4. Bd2 Qe7 5. Nc3 Bxc3 6. Bxc3 Ne4 7. Rc1 0-0 8. e3 Nxc3 9. Rxc3 d6 10. Be2 Nd7 11. 0-0 e5 12. Qb1 exd4 13. Nxd4 Nc5 14. Bf3 Re8 15. Rd1 g6 16. h3 Qg5 17. Kh1 Qh4 18. Kg1 a6 19. Qc1 Re5 20. Ne2 Qe7 21. b4 Ne4 22. Bxe4 Rxe4 23. c5 dxc5 24. Rxc5 c6 25. Rd4 Rxd4 26. Nxd4 Bd7 27. a3 Re8 28. Nf3 Qd6 29. Rc2 Be6 30. Rd2 Bd5 31. Qc3 Qe7 32. Qd4 h5 33. Qf4 a5 34. Ng5 axb4 35. axb4 Ra8 36. e4 Bc4 37. e5 Bd5 38. Ne4 Bxe4 39. Qxe4 Ra4 40. Rd4 Kg7 41. g3 Qe6 42. Kg2 Ra2 43. Qf4 Re2 44. Re4 Qd5 45. Qf6+ Kg8 46. e6 Qxe4+ 47. Kh2 Qxe6 0-1

[Event "EU-Cup (Women) 27th"]
[Site "Durres"]
[Date "2023.10.07"]
[Round "7.2"]
[White "Salimova, Nurgyul"]
[Black "Wagner, Dinara"]
[Result "0-1"]
[WhiteElo "2424"]
[BlackElo "2461"]
[PlyCount "134"]
[EventDate "2023.10.01"]
[EventType "team-swiss"]
[EventRounds "7"]
[EventCountry "ALB"]
[SourceTitle "EXT 2024"]
[Source "ChessBase"]
[SourceDate "2023.10.10"]
[SourceVersion "1"]
[SourceVersionDate "2023.10.10"]
[SourceQuality "1"]
[WhiteTeam "Ajka Garuda (W)"]
[BlackTeam "Superchess"]
[WhiteTeamCountry "HUN"]
[BlackTeamCountry "ROU"]

1. d4 Nf6 2. Nf3 d5 3. c4 e6 4. cxd5 exd5 5. Nc3 Bb4 6. Bg5 h6 7. Bxf6 Qxf6 8. Rc1 Qd6 9. e3 0-0 10. a3 Ba5 11. Bd3 c6 12. Bb1 Nd7 13. Qc2 Nf6 14. 0-0 g6 15. Qd2 Bxc3 16. Rxc3 Ne4 17. Bxe4 dxe4 18. Ne5 Be6 19. Rfc1 Bd5 20. Qc2 Kg7 21. f3 exf3 22. e4 Be6 23. Nxf3 Bg4 24. Qf2 Rad8 25. Ne5 Be6 26. Rd3 f5 27. Qg3 Rf6 28. Rf1 c5 29. exf5 Bxf5 30. Rdf3 Qxd4+ 31. Kh1 Kh7 32. h4 Re8 33. Ng4 Rfe6 34. Rf4 Qd6 35. Qc3 h5 36. Nh2 Qe5 37. Qb3 Qc7 38. Nf3 Re3 39. Ng5+ Kg7 40. Qc4 Re1 41. Qc3+ Qe5 42. Qc4 Re7 43. Rxe1 Qxe1+ 44. Rf1 b5 45. Qf4 Qe5 46. Qf3 Qxb2 47. Qc6 Qxa3 48. Qd6 Qe3 49. Nf3 Rd7 50. Qa6 b4 51. Re1 Qc3 52. Kh2 Qf6 53. Qc4 Rd4 54. Qxc5 Qd6+ 55. Qxd6 Rxd6 56. Re7+ Kf6 57. Rxa7 Rb6 58. Ra2 b3 59. Rb2 Be4 60. Nd4 Bd5 61. Kg3 Ke5 62. Ne2 Bc4 63. Kf3 Bxe2+ 64. Kxe2 Kf4 65. Kf2 Kg4 66. g3 Rf6+ 67. Kg2 Rf3 0-1

[Event "Titled Tuesday intern op 22nd Aug Late"]
[Site "Chess.com INT"]
[Date "2023.08.22"]
[Round "5"]
[White "Kamsky, Gata"]
[Black "Salimova, Nurgyul"]
[Result "1-0"]
[WhiteElo "2641"]
[BlackElo "2403"]
[PlyCount "123"]
[EventDate "2023.08.22"]
[EventType "swiss (blitz)"]
[EventRounds "11"]
[EventCountry "USA"]
[SourceTitle "EXT 2024"]
[Source "ChessBase"]
[SourceDate "2023.10.10"]
[SourceVersion "1"]
[SourceVersionDate "2023.10.10"]
[SourceQuality "1"]

1. d4 Nf6 2. Bf4 d6 3. Nf3 g6 4. e3 Bg7 5. h3 0-0 6. c3 Nc6 7. Nbd2 Qe8 8. e4 e5 9. dxe5 Nh5 10. Be3 Nxe5 11. Be2 Nd7 12. 0-0 Nc5 13. Qc2 f5 14. Bxc5 dxc5 15. Rfe1 Kh8 16. exf5 Bxf5 17. Bd3 Bxd3 18. Qxd3 Nf4 19. Rxe8 Nxd3 20. Rxa8 Rxa8 21. Rb1 b5 22. c4 Nxb2 23. cxb5 Rb8 24. Re1 h6 25. Re7 Rxb5 26. Rxc7 Ra5 27. g3 Nd3 28. Rd7 Nb4 29. Nh4 Rxa2 30. Nxg6+ Kh7 31. Nf4 Kg8 32. Ne6 Bd4 33. Ne4 Nd3 34. Nxd4 cxd4 35. Rxd4 Ne5 36. Kg2 a5 37. Rd5 Nc4 38. Rd7 a4 39. Ra7 a3 40. g4 Ra1 41. h4 a2 42. g5 hxg5 43. hxg5 Ne5 44. Nf6+ Kf8 45. f4 Nc6 46. Ra4 Ne7 47. Ra7 Kf7 48. f5 Kf8 49. Nd7+ Ke8 50. f6 Nf5 51. Ne5 Nh4+ 52. Kf2 Nf5 53. f7+ Kf8 54. Ng6+ Kg7 55. f8Q+ Kxg6 56. Qf6+ Kh5 57. Qxa1 Nh4 58. Rxa2 Ng6 59. Kg3 Nf4 60. Kxf4 Kg6 61. Qf6+ Kh5 62. Rh2# 1-0

[Event "Titled Tuesday intern op 22nd Aug Late"]
[Site "Chess.com INT"]
[Date "2023.08.22"]
[Round "9"]
[White "Salimova, Nurgyul"]
[Black "Cordoba Roa, Angel Gabriel"]
[Result "1-0"]
[WhiteElo "2403"]
[BlackElo "2258"]
[PlyCount "71"]
[EventDate "2023.08.22"]
[EventType "swiss (blitz)"]
[EventRounds "11"]
[EventCountry "USA"]
[SourceTitle "EXT 2024"]
[Source "ChessBase"]
[SourceDate "2023.10.10"]
[SourceVersion "1"]
[SourceVersionDate "2023.10.10"]
[SourceQuality "1"]

1. d4 Nf6 2. Nf3 d5 3. Bf4 g6 4. e3 Bg7 5. h3 0-0 6. Nbd2 c5 7. c3 b6 8. Bd3 Bb7 9. 0-0 Nc6 10. Qe2 Nd7 11. Rad1 e5 12. dxe5 Ndxe5 13. Nxe5 Nxe5 14. Bc2 Qe7 15. Rfe1 Rad8 16. a4 Rfe8 17. a5 Bc6 18. axb6 axb6 19. Ra1 d4 20. cxd4 cxd4 21. Bb3 dxe3 22. Qxe3 Qc5 23. Qxc5 bxc5 24. Ra7 Rd7 25. Rxd7 Bxd7 26. Re3 Nc6 27. Ne4 Bd4 28. Re2 Kg7 29. Ba4 f5 30. Ng3 Rxe2 31. Nxe2 Bxb2 32. Be3 c4 33. Bb5 Ne5 34. Ba6 c3 35. Bd4 Kf6 36. f4 1-0

[Event "FIDE World Cup (Women)"]
[Site "Baku"]
[Date "2023.08.21"]
[Round "7.3"]
[White "Salimova, Nurgyul"]
[Black "Goryachkina, Aleksandra"]
[Result "1/2-1/2"]
[WhiteElo "2409"]
[BlackElo "2557"]
[PlyCount "83"]
[EventDate "2023.07.30"]
[EventType "k.o."]
[EventRounds "7"]
[EventCountry "AZE"]
[SourceTitle "EXT 2024"]
[Source "ChessBase"]
[SourceDate "2023.10.10"]
[SourceVersion "1"]
[SourceVersionDate "2023.10.10"]
[SourceQuality "1"]

1. d4 d5 2. Nf3 Nf6 3. Bf4 c5 4. e3 Nc6 5. Nbd2 cxd4 6. exd4 Bf5 7. Bb5 e6 8. Ne5 Qb6 9. c4 dxc4 10. Bxc6+ bxc6 11. Ndxc4 Qb5 12. a4 Qb7 13. 0-0 Nd5 14. Bd2 Be7 15. b3 Rc8 16. Rc1 c5 17. Na5 Qa6 18. dxc5 Rxc5 19. Rxc5 Bxc5 20. b4 Bb6 21. b5 Qc8 22. Nac6 0-0 23. Qf3 f6 24. Nc4 Bc5 25. Be3 Nxe3 26. Nxe3 Kh8 27. Nxf5 exf5 28. Qd5 Bb6 29. a5 Bc7 30. Nxa7 Qb8 31. Nc6 Bxh2+ 32. Kh1 Qf4 33. Qf3 Qh4 34. Qh3 Qc4 35. Kxh2 Qxf1 36. Qxf5 Qc4 37. a6 g6 38. Qd7 Qf4+ 39. Kg1 Qc1+ 40. Kh2 Qf4+ 41. Kg1 Qc1+ 42. Kh2 1/2-1/2